| 000 | 01107cam a22002174a 4500 | ||
|---|---|---|---|
| 005 | 20250605163932.0 | ||
| 008 | 250528s ||||||||||||||||||||||||d | ||
| 035 | _a14733 | ||
| 020 | _a70401438 | ||
| 040 |
_aGR-AtMCL _bgre _dGR-AtMCL _eAACR2 |
||
| 245 | 1 | _aSocial Ethics / Morality and Social Policy | |
| 250 | _a5th | ||
| 260 |
_bMcgraw Hill Publishing Company, _c1997 |
||
| 300 | _a532 | ||
| 520 | _aThis anthology, a leader in its field, encourages a reflective and critical examination of contemporary moral problems by presenting different viewpoints on issues like abortion; euthanasia; the death penalty; pornography, hate speech, and censorship; global justice; and the environment. Preface, Abortion, Euthanasia and Physician-Assisted Suicide, The Death Penalty, Sexual Morality, Pornography and Hate Speech and Censorship, Sexism and Racism and Oppression, Affirmative Action, Economic Justice and Welfare, World Hunger and Global Justice, Animals, The Environment. | ||
| 700 | 1 |
_aMappes Thomas A _9483 |
|
| 700 | 1 |
_aZembaty Jane S _9484 |
|
| 942 | _cBK | ||
| 999 |
_c353 _d353 |
||